Теплотехнические испытания котельных установок

Detalhes bibliográficos
Autor principal: Трембовля В. И. Владимир Ионович
Outros Autores: Фингер Е. Ф. Ефим Давидович, Авдеева А. А. Ангара Александровна
Resumo:ОбычныйРассмотрены особенности испытаний энергетических котлов, их отдельных поверхностей нагрева и тягодутьевых установок. Приведены рекомендации по составлению тепловых балансов на основе испытаний котлов в целом и их отдельных поверхностей нагрева. Рассмотрены методы оценки погрешностей измерений и точности результатов испытаний
Idioma:russo
Publicado em: Москва, Энергоатомиздат, 1991
Edição:2-е изд., перераб. и доп.
Assuntos:
Formato: MixedMaterials Livro
KOHA link:https://koha.lib.tpu.ru/cgi-bin/koha/opac-detail.pl?biblionumber=34105

MARC

LEADER 00000nam0a2200000 4500
001 34105
005 20231101210219.0
010 |a 5283001377 
035 |a (RuTPU)RU\TPU\book\34482 
035 |a BOOK00001133 
090 |a 34105 
100 |a 20011210d1991 km y0rusy50 ca 
101 0 |a rus 
102 |a RU 
105 |a y z 000zy 
200 1 |a Теплотехнические испытания котельных установок  |f В.И.Трембовля, Е.Д.Фингер, А.А.Авдеева 
205 |a 2-е изд., перераб. и доп. 
210 |a Москва  |c Энергоатомиздат  |d 1991 
215 |a 416 с. 
330 |a ОбычныйРассмотрены особенности испытаний энергетических котлов, их отдельных поверхностей нагрева и тягодутьевых установок. Приведены рекомендации по составлению тепловых балансов на основе испытаний котлов в целом и их отдельных поверхностей нагрева. Рассмотрены методы оценки погрешностей измерений и точности результатов испытаний 
606 1 |a Котельные установки  |x Теплотехнические испытания  |2 stltpush  |3 (RuTPU)RU\TPU\subj\16009  |9 42204 
610 1 |a энергетические котлы 
610 1 |a поверхности нагрева 
610 1 |a тепловой баланс 
610 1 |a тягодутьевые устройства 
610 1 |a измерения 
610 1 |a точность 
610 1 |a погрешности 
675 |a 621.181.001.4  |v 3 
700 1 |a Трембовля  |b В. И.  |g Владимир Ионович 
701 1 |a Фингер  |b Е. Ф.  |g Ефим Давидович 
701 1 |a Авдеева  |b А. А.  |g Ангара Александровна 
801 0 |a RU  |b 63413507  |c 20011210  |g PSBO 
801 2 |a RU  |b 63413507  |c 20201009  |g PSBO 
900 |a Тепло- и парогенерирующие установки и аппараты 
942 |c BK